00315nam a22001097a 4500020001800000040000900018082001800027100001700045245005400062260003500116650005400151 a9780071410083 cNUST a635.9642bJOH aRodney Johns aTurfgrass Installation Management and Maintenance aNew York:bMcGraw Hill,c2004. aTurfgrass Installation Management and Maintenance